Detalles MARC
| 000 -CABECERA |
| campo de control de longitud fija |
00852cam a2200241 a 4500 |
| 001 - NÚMERO DE CONTROL |
| campo de control |
000010235 |
| 005 - FECHA Y HORA DE LA ÚLTIMA TRANSACCIÓN |
| campo de control |
20200929162217.0 |
| 008 - DATOS DE LONGITUD FIJA--INFORMACIÓN GENERAL |
| campo de control de longitud fija |
901115s1982 sp 000 p spa |
| 020 ## - NÚMERO INTERNACIONAL ESTÁNDAR DEL LIBRO |
| Número Internacional Estándar del Libro |
8400051637 |
| 035 ## - NÚMERO DE CONTROL DEL SISTEMA |
| Número de control de sistema |
(DLC) 90874395 |
| 040 ## - FUENTE DE LA CATALOGACIÓN |
| Centro catalogador/agencia de origen |
DO-SdBNP |
| Centro/agencia transcriptor |
DLC |
| Centro/agencia modificador |
BNPHU |
| 082 ## - NÚMERO DE LA CLASIFICACIÓN DECIMAL DEWEY |
| Número de clasificación |
861.44 |
| Número de documento/Ítem |
R666c |
| 049 ## - FONDOS LOCALES (OCLC) |
| Fondos de biblioteca |
BNGR |
| 100 1# - ENTRADA PRINCIPAL--NOMBRE DE PERSONA |
| Nombre de persona |
Robredo García, Vicente, |
| Fechas asociadas al nombre |
1952- |
| 9 (RLIN) |
25239 |
| 245 10 - MENCIÓN DE TÍTULO |
| Título |
Cuando se es puente / |
| Mención de responsabilidad, etc. |
Vicente Robredo Garcia. |
| 260 ## - PUBLICACIÓN, DISTRIBUCIÓN, ETC. |
| Lugar de publicación, distribución, etc. |
Zaragoza : |
| Nombre del editor, distribuidor, etc. |
Institución "Fernando el Católico", |
| Fecha de publicación, distribución, etc. |
[1982]. |
| 300 ## - DESCRIPCIÓN FÍSICA |
| Extensión |
80 p. ; |
| Dimensiones |
25 cm. |
| 490 1# - MENCIÓN DE SERIE |
| Mención de serie |
"San Jorge" |
| Designación de volumen o secuencia |
31 |
| Mención de serie |
Publicación de la Institucion "Fernando el Catolico" |
| Designación de volumen o secuencia |
867 |
| 650 #4 - PUNTO DE ACCESO ADICIONAL DE MATERIA--TÉRMINO DE MATERIA |
| Término de materia o nombre geográfico como elemento de entrada |
Poesís española |
| 9 (RLIN) |
25240 |
| 650 #4 - PUNTO DE ACCESO ADICIONAL DE MATERIA--TÉRMINO DE MATERIA |
| Término de materia o nombre geográfico como elemento de entrada |
Literatura española |
| 9 (RLIN) |
632 |
| 830 #0 - PUNTO DE ACCESO ADICIONAL DE SERIE-TÍTULO UNIFORME |
| Título uniforme |
"San Jorge" ; |
| Designación de volumen o secuencia |
31 |
| Nombre de parte o sección de la obra |
Publicación de la Institucion "Fernando el Catolico" ; |
| Designación de volumen o secuencia |
867 |
| 9 (RLIN) |
25241 |
| 910 ## - DATOS DE OPCIÓN DEL USUARIO (OCLC) |
| Datos de opción del usuario |
Catalogación por copia / LC |